All Dinosaurs in the Jurassic Franchise - Statistics

General Stats
  • This quiz has been taken 89 times
    29 since last reset
  • The average score is 32 of 58
Answer Stats
Movies/Shows Dinosaur % Correct
JP 3, CC, Rebirth Spinosaurus
95%
Jurassic World Indominus Rex
90%
Fallen Kingdom Indoraptor
90%
JP, LW, JP 3, JW, Fallen Kingdom, Dominion, JWCT, Rebirth Triceratops
90%
JP, LW, JP 3, JW, Fallen Kingdom, CC, Dominion, JWCT, Rebirth Tyrannosaurus Rex
90%
JP, JP 3, Fallen Kingdom, CC, CC Hidden Adventure, Dominion, JWCT, Rebirth Brachiosaurus
86%
LW, JP 3, JW, Fallen Kingdom, CC, Dominion, JWCT Stegosaurus
86%
JP, LW, JP 3, JW, Fallen Kingdom, CC, CC Hidden Adventure, Dominion, JWCT, Rebirth Velociraptor
81%
Fallen Kingdom, BABR, Dominion, JWCT Allosaurus
76%
JP, LW, JW, Fallen Kingdom, CC, CC Hidden Adventure, Dominion, JWCT Gallimimus
76%
Dominion, JWCT Giganotosaurus
76%
JP, LW, JP 3, JW, Fallen Kingdom, CC, BABR, Dominion, JWCT, Rebirth Parasaurolophus
76%
JP 3, JW, Fallen Kingdom, CC, CC Hidden Adventure, Dominion, JWCT, Rebirth Ankylosaurus
71%
JP, JW (Holoscape), CC, Dominion, JWCT, Rebirth Dilophosaurus
71%
Fallen Kingdom, CC, CC Hidden Adventure, Dominion, JWCT Baryonyx
67%
JW, Fallen Kingdom, CC, CC Hidden Adventure, Dominion, Rebirth Mosasaurus
67%
LW, JP 3, JW, Fallen Kingdom, CC, CC Hidden Adventure, Dominion, JWCT, Rebirth Pteranodon
67%
JW, CC Hidden Adventure, Fallen Kingdom, Dominion, Rebirth Apatosaurus
62%
Dominion, JWCT Atrociraptor
62%
Fallen Kingdom, CC, CC Hidden Adventure, Dominion, JWCT Carnotaurus
62%
Rebirth Distortus Rex
62%
Dominion, JWCT Therizinosaurus
62%
JP 3, CC, CC Hidden Adventure, JWCT Ceratosaurus
57%
LW, JP 3, Fallen Kingdom, CC, CC Hidden Adventure, BABR, Dominion, JWCT, Rebirth Compsognathus
57%
JP 3, Corythosaurus
57%
Dominion Oviraptor
57%
LW & JW Pachycephalosaurus
57%
Dominion, JWCT, Rebirth Quetzalcoatlus
57%
Fallen Kingdom, CC, Dominion, JWCT Sinoceratops
57%
Dominion Dimetrodon
52%
JW, CC, Dominion, JWCT Dimorphodon
52%
Dominion Dreadnoughtus
48%
Dominion Moros Intrepidus
48%
Fallen Kingdom, Dominion, JWCT Stygimoloch
48%
Rebirth Titanosaurus
48%
Dominion Iguanodon
43%
CC, JWCT Kentrosaurus
43%
LW Mamenchisaurus
43%
Rebirth Mutadon
43%
BABR, Dominion, JWCT Nasutoceratops
43%
Dominion, JWCT Pyroraptor
43%
CC Scorpios Rex
43%
Dominion, JWCT Lystrosaurus
38%
CC Nothosaurus
38%
CC, JWCT Ouranosaurus
38%
JWCT Suchomimus
38%
CC Hidden Adventure Tarbosaurus
38%
Rebirth Anurognathus
33%
Rebirth Aquilops
33%
JWCT Becklespinax
33%
Dominion Microceratus
33%
CC & CC Hidden Adventure, JWCT Monolophosaurus
33%
JWCT Majungasaurus
29%
JWCT Pachyrhinosaurus
29%
CC Smilodon
29%
CC Spinoceratops
29%
Rebirth Dunkleosteus
19%
Dominion, JWCT Giant Locust
10%
No matching quizzes found
Score Distribution
Percent of People with Each Score
Percentile by Number Answered
Your Score History
You have not taken this quiz since the last reset